00942nam a2200193 a 450000100100000000500170001000800410002704000250006810000430009324502200013626000690035630000210042549000280044650000730047470000440054783000350059195201050062699900170073100003666620200930075849.0120124s1954 es 000 0 spa d aDO-SdBNPbspacBNPHU1 aScialoja, Vittorio,d1856-1933.96294310aProcedimiento civil romano :bejercicio y defensa de los derechos /cVittorio Scialoja ; traducción de Santiago Sentis Melendo y Marino Ayerra Redín ; prólogo a la ed. en castellano, por Vincenzo Arangio-Ruiz. aBuenos Aires :bEdiciones Jurídicas Europa-Américana,c1954. a551 p. ;c24 cm.1 aCiencia del procesov25 aIncluye referencias bibliográficas y notas al pie de las páginas12aSentís Melendo, Santiago,dtr.962944 0aCiencia del procesov25962945 001050718MOaGRbGRcCTd2012-01-24iLF1l0o p36666-10r2020-06-25w2020-06-25y1ZNo se presta c36157d36157